Программы для ЭВМ. Базы данных. Топологии интегральных микросхем: Официальный бюллетень российского агентства по патентам и товарным знакам; Вып. 3 (28)

מידע ביבליוגרפי
שפה:רוסית
יצא לאור: Москва, 1999
נושאים:
פורמט: ספר
KOHA link:https://koha.lib.tpu.ru/cgi-bin/koha/opac-detail.pl?biblionumber=12648

MARC

LEADER 00000nam0a2200000 4500
001 12648
005 20231030184509.0
035 |a (RuTPU)RU\TPU\book\12727 
035 |a BOOK00012793 
090 |a 12648 
100 |a 20011209d1999 m y0rusy50 ca 
101 0 |a rus 
102 |a RU 
105 |a y b 000zy 
200 1 |a Программы для ЭВМ. Базы данных. Топологии интегральных микросхем  |e Официальный бюллетень российского агентства по патентам и товарным знакам  |h Вып. 3 (28) 
210 |a Москва  |d 1999 
215 |a 267 с. 
610 1 |a персональные компьютеры 
610 1 |a программы 
610 1 |a базы данных 
610 1 |a интегральные микросхемы 
610 1 |a топология 
610 1 |a каталоги 
675 |a 681.3.066  |v 3 
675 |a 681.3.016  |v 3 
675 |a 621.382.049.77  |v 3 
801 0 |a RU  |b 63413507  |c 20011209  |g PSBO 
801 2 |a RU  |b 63413507  |c 20221129  |g PSBO 
942 |c BK